000 00410nam a2200157Ia 4500
008 210716s1991 xx 000 0 und d
020 _a013558826x
041 _aeng
082 _a658.802 DYER
100 _aDyer, Robert F;Forman, Ernest H.
245 _aAnalytic approach to marketing decisions.
250 _a1
260 _aNew Jersey
_bPrentice Hall
_c1991
300 _axiii,368
650 _aMarketing
999 _c198910
_d198910